<?xml version="1.0" encoding="UTF-8"?>
<collection xmlns="http://www.loc.gov/MARC21/slim">
 <record>
  <leader>00334pamaa2200133   4500</leader>
  <controlfield tag="001">0000023410</controlfield>
  <controlfield tag="005">20061124090000.0</controlfield>
  <datafield tag="020" ind1="0" ind2="0">
   <subfield code="a">0907179436 </subfield>
  </datafield>
  <datafield tag="090" ind1="0" ind2="0">
   <subfield code="a">PS3564.E91 </subfield>
   <subfield code="b">NEW 1986</subfield>
  </datafield>
  <datafield tag="100" ind1="1" ind2="0">
   <subfield code="a">NEWMAN </subfield>
  </datafield>
  <datafield tag="245" ind1="1" ind2="0">
   <subfield code="a">Good enough to eat  </subfield>
   <subfield code="c">Leslea Newman.</subfield>
  </datafield>
  <datafield tag="260" ind1="0" ind2="0">
   <subfield code="a">New York: </subfield>
   <subfield code="b">Sheba Feminist Pub., </subfield>
   <subfield code="c">1986.</subfield>
  </datafield>
  <datafield tag="300" ind1=" " ind2=" ">
   <subfield code="a">269p.; </subfield>
   <subfield code="c">20cm.</subfield>
  </datafield>
  <datafield tag="650" ind1="0" ind2="0">
   <subfield code="a">Fiction </subfield>
  </datafield>
 </record>
</collection>
